Statistics for Who Did That 1990s Song #1

Click here to take the quiz!

General Stats

  • This quiz has been taken 54,899 times
  • The average score is 13 of 24

Answer Stats

YearSongMusical Act% Correct
1991Smells Like Teen SpiritNirvana
89%
1997My Heart Will Go OnCeline Dion
87%
1995WonderwallOasis
84%
1990U Can't Touch ThisMC Hammer
80%
1990VogueMadonna
77%
1991Losing My ReligionR.E.M.
75%
1995Gangsta's ParadiseCoolio
69%
1999No ScrubsTLC
69%
1992Achy Breaky HeartBilly Ray Cyrus
68%
1992Under the BridgeRed Hot Chili Peppers
66%
1998Bittersweet SymphonyThe Verve
61%
1996Calfornia Love2Pac
56%
1992Baby Got BackSir Mix-a-Lot
52%
1994Black Hole SunSoundgarden
46%
1993SabotageBeastie Boys
45%
1997Mo Money Mo ProblemsThe Notorious B.I.G.
45%
1992Jump AroundHouse of Pain
34%
1994It Was A Good DayIce Cube
33%
1993Insane in the BrainCypress Hill
32%
1990Friends In Low PlacesGarth Brooks
31%
1996Crash into MeDave Matthews Band
28%
1992InformerSnow
27%
1991O.P.P.Naughty by Nature
18%
1990911 is a JokePublic Enemy
16%

Score Distribution

Percentile by Number Answered

Percent of People with Each Score

Your Score History

You have not taken this quiz